| 000 | 00995nam a22002657a 4500 | ||
|---|---|---|---|
| 999 |
_c13567 _d13567 |
||
| 003 | MIRAKIL | ||
| 005 | 20211214000616.0 | ||
| 008 | 191023b tu ||||| |||| 00| 0 tur d | ||
| 020 | _a9786054511952 | ||
| 040 |
_aTR-AnCHP _btur _cTR-AnCHP |
||
| 041 | _atur | ||
| 082 |
_a321.8042 _bY26 2014 |
||
| 245 |
_a(Yarı) başkanlık sistemi ve Türkiye : _bülkeler, deneyimler ve karşılaştırmalı analiz / _c derleyen: İhsan Kamalak. |
||
| 246 | _aülkeler, deneyimler ve karşılaştırmalı analiz | ||
| 260 |
_aİstanbul: _bKalkedon yayınları, _c2014. |
||
| 300 |
_a446 s.: _c21 sm. |
||
| 490 | 0 |
_aKalkedon yayıncılık; _aSodev Kitaplığı; _v256. _v13. |
|
| 504 | _aKaynakça bölüm sonlarındadır. | ||
| 650 | 0 |
_aSiyaset ve yönetim _xTürkiye _99 |
|
| 650 | 0 |
_aBaşkanlık sistemi _xTürkiye _95119 |
|
| 650 | 0 |
_aHükümet Sistemleri _xTürkiye _96065 |
|
| 700 |
_96066 _aKamalak, İhsan _eder. |
||
| 740 | _aülkeler, deneyimler ve karşılaştırmalı analiz | ||
| 942 |
_2ddc _cBKS |
||